Statistics for Subtract A Letter - Make a Country

Click here to take the quiz!

General Stats

  • This quiz has been taken 93 times
  • The average score is 13 of 20

Answer Stats

WordCountryLetter% Correct
ScubaCubaS
97%
FurnaceFranceU
91%
AchingChinaG
87%
SuperPeruS
86%
SalonLaosN
85%
ClaimMaliC
80%
PaintsSpainT
76%
UnmarkedDenmarkU
73%
HangarGhanaR
72%
TahiniHaitiN
70%
PlanetNepalT
70%
AidingIndiaG
65%
ReusableBelarusE
62%
SundaySudanY
59%
GeneralsSenegalR
56%
RaincoatCroatiaN
51%
TurbineBruneiT
46%
HardlineIrelandH
46%
HairbandBahrainD
37%
ToenailsEstoniaL
34%

Score Distribution

Percentile by Number Answered

Percent of People with Each Score

Your Score History

You have not taken this quiz